000 00304nam a2200133Ia 4500
008 150201s2005 xx 000 0 und d
082 _a611
_bR05A
100 _aASTHANA,AK
245 _aRADIOLOGY ANATOMY
250 _a4TH
260 _bPEEPEE
_aDELHI
_c2005
650 _aHUMAN ANATOMY
942 _2ddc
_cBK
_04
999 _c614
_d614